[Event "SLO-ch U12 Girls"]
[Site "Murska Sobota"]
[Date "2007.02.27"]
[Round "4"]
[White "Veliscek, Iza"]
[Black "Krajnc, Ivana"]
[Result "1-0"]
[WhiteElo "1500"]
[BlackElo "1500"]
[PlyCount "43"]
[EventDate "2007.02.25"]
[EventType "swiss"]
[EventRounds "9"]
[EventCountry "SLO"]
[SourceTitle "CBM 117 Extra"]
[Source "ChessBase"]
[SourceDate "2007.05.09"]
[SourceVersion "1"]
[SourceVersionDate "2007.05.09"]
[SourceQuality "1"]

1. e4 e5 2. Nf3 Nc6 3. d4 exd4 4. Nxd4 Nf6 5. Nc3 Bc5 6. Nf3 Ng4 7. Be3 Bxe3 8. fxe3 Nxe3 9. Qe2 Nxf1 10. Qxf1 Nb4 11. 0-0-0 0-0 12. a3 Nc6 13. Qd3 d6 14. e5 dxe5 15. Nxe5 Qg5+ 16. Kb1 Qxe5 17. Rhe1 Qxh2 18. Rh1 Ne5 19. Qe4 f5 20. Qd5+ Rf7 21. Rxh2 c6 22. Qxe5 1-0